Actas del I Simposio Internacional "Gabriel Miró" / (Record no. 15183)
[ view plain ]
| 000 -LEADER | |
|---|---|
| campo de control de longitud fija | 00841nam a2200229 i 4500 |
| 001 - NÚMERO DE CONTROL | |
| campo de control | 15183 |
| 003 - IDENTIFICADOR DE NÚMERO DE CONTROL | |
| campo de control | ES-MaACL |
| 005 - FECHA Y HORA DE LA ÚLTIMA TRANSACCIÓN | |
| campo de control | 20260213163043.0 |
| 007 - CAMPO FIJO DE DESCRIPCIÓN FÍSICA--INFORMACIÓN GENERAL | |
| campo de control de longitud fija | t| |
| 008 - DATOS DE LONGITUD FIJA--INFORMACIÓN GENERAL | |
| campo de control de longitud fija | 000114s1999 sp |||| | spa d |
| 080 ## - NÚMERO DE LA CLASIFICACIÓN DECIMAL UNIVERSAL | |
| Número de la Clasificación Decimal Universal | 821.134.2 Miró, Gabriel 1.06(063) |
| 111 2# - ENTRADA PRINCIPAL--NOMBRE DE CONGRESO/REUNIÓN | |
| Nombre de congreso/reunión o jurisdicción como elemento de entrada | Simposio Internacional "Gabriel Miró" ( |
| Número del congreso/reunión o número de parte o sección | 1º. |
| Fecha del congreso o de la firma del tratado | 1997. |
| Sede del congreso/Lugar de la reunión | Alicante) |
| 9 (RLIN) | 1076 |
| 245 10 - MENCIÓN DEL TÍTULO | |
| Título | Actas del I Simposio Internacional "Gabriel Miró" / |
| Mención de responsabilidad, etc. | [coordinación, Miguel A. Lozano, Rosa Mª Monzó]. |
| 260 ## - PUBLICACIÓN, DISTRIBUCIÓN, ETC. | |
| Lugar de publicación, distribución, etc. | [Alicante] : |
| Nombre del editor, distribuidor, etc. | Caja de Ahorros del Mediterráneo, |
| Fecha de publicación, distribución, etc. | [1999] |
| 300 ## - DESCRIPCIÓN FÍSICA | |
| Extensión | 431 p. ; |
| Dimensiones | 24 cm. |
| 600 14 - PUNTO DE ACCESO ADICIONAL DE MATERIA--NOMBRE DE PERSONA | |
| Nombre de persona | Miró, Gabriel- |
| Subdivisión de forma | Congresos y asambleas. |
| 9 (RLIN) | 172408 |
| 700 1# - ENTRADA AGREGADA--NOMBRE PERSONAL | |
| Nombre de persona | Lozano Marco, Miguel Ángel. |
| 9 (RLIN) | 74456 |
| 700 1# - ENTRADA AGREGADA--NOMBRE PERSONAL | |
| Nombre de persona | Monzó, Rosa Mª. |
| 9 (RLIN) | 82772 |
| 710 0# - ENTRADA AGREGADA--NOMBRE DE ENTIDAD CORPORATIVA | |
| Nombre de entidad corporativa o nombre de jurisdicción como elemento de entrada | Caja de Ahorros del Mediterráneo |
| 9 (RLIN) | 2294 |
| 852 ## - LOCALIZACIÓN | |
| Ubicación | ES-MaACL |
| Número de control de estantería | L-22390 |
| Estatus retirado | Estado de pérdida | Estado de daño | No para préstamo | Biblioteca de origen | Biblioteca actual | Ubicación en estantería | Fecha de adquisición | Fuente de adquisición | Total de préstamos | Signatura topográfica completa | Código de barras | Visto por última vez | Precio de reemplazo | Tipo de ítem Koha |
|---|---|---|---|---|---|---|---|---|---|---|---|---|---|---|
| Biblioteca del Ateneo de Madrid | Biblioteca del Ateneo de Madrid | Depósito 2 | 17/01/2008 | L-22390 | 1015439 | 23/02/2023 | 23/02/2023 | Libro impreso |
